Thermodynamics (Record no. 13165)

000 -LEADER
fixed length control field 00594nam a22002291 4500
001 - CONTROL NUMBER
control field 13165
003 - CONTROL NUMBER IDENTIFIER
control field BD-DhUET
008 - FIXED-LENGTH DATA ELEMENTS--GENERAL INFORMATION
fixed length control field 740212r19611923nyua 000 0 eng
040 ## - CATALOGING SOURCE
Original cataloging agency DLC
Transcribing agency DLC
Modifying agency BD-DhUET
082 ## - DEWEY DECIMAL CLASSIFICATION NUMBER
Classification number 660.2969
Item number LEW/1961
100 ## - MAIN ENTRY--PERSONAL NAME
Personal name Lewis, Gilbert Newton
245 00 - TITLE STATEMENT
Title Thermodynamics
250 ## - EDITION STATEMENT
Edition statement 2nd ed.
260 ## - PUBLICATION, DISTRIBUTION, ETC. (IMPRINT)
Place of publication, distribution, etc. New York
Name of publisher, distributor, etc. McGraw-Hill
Date of publication, distribution, etc. 1961
300 ## - PHYSICAL DESCRIPTION
Extent 723p.
Other physical details illus.
Dimensions 24 cm.
490 0# - SERIES STATEMENT
Series statement McGraw-Hill series in advanced chemistry
650 #0 - SUBJECT ADDED ENTRY--TOPICAL TERM
Topical term or geographic name as entry element Thermodynamics
700 ## - ADDED ENTRY--PERSONAL NAME
Personal name Randall, Merle
700 ## - ADDED ENTRY--PERSONAL NAME
Personal name Pitzer, Kenneth S.
700 ## - ADDED ENTRY--PERSONAL NAME
Personal name Brewer, Leo
942 ## - ADDED ENTRY ELEMENTS (KOHA)
Koha item type General Book
Holdings
Koha normalized classification for sorting Not for loan Damaged status Withdrawn status Source of classification or shelving scheme Location (home branch) Shelving location Lost status Koha full call number Piece designation (barcode) Price effective from Sublocation or collection (holding branch) Date acquired Koha date last seen Koha item type Copy number
660_296900000000000_LEW_1961    Central Library, BUETCirculation section 660.2969/LEW/1961366722015-03-01Central Library, BUET2015-03-012015-03-01General Book1
660_296900000000000_LEW_1961    Central Library, BUETCirculation section 660.2969/LEW/1961401502015-03-01Central Library, BUET2015-03-012015-03-01General Book2
660_296900000000000_LEW_1961    Central Library, BUETCirculation section 660.2969/LEW/196195842015-05-11Central Library, BUET2015-05-112015-05-11General Book3
660_296900000000000_LEW_1961    Central Library, BUETCirculation section 660.2969/LEW/1961112362015-05-11Central Library, BUET2015-05-112015-05-11General Book4
660_296900000000000_LEW_1961    Central Library, BUETCirculation section 660.2969/LEW/196110562015-05-18Central Library, BUET2015-05-182015-05-18General Book5
660_296900000000000_LEW_1961    Central Library, BUETCirculation section 660.2969/LEW/1961242532015-05-18Central Library, BUET2015-05-182015-05-18General Book6
660_296900000000000_LEW_1961    Central Library, BUETCirculation section 660.2969/LEW/1961254512015-05-18Central Library, BUET2015-05-182015-05-18General Book7